Interfejsy sistem obrabotky dannych
Uložené v:
| Hlavný autor: | |
|---|---|
| Ďalší autori: | , |
| Médium: | Kniha |
| Jazyk: | Russian |
| Vydavateľské údaje: |
Moskva
Radio i svjaz'
1989
|
| Vydanie: | 1. izd. |
| Tagy: |
Žiadne tagy, Buďte prvý, kto otaguje tento záznam!
|
MARC
| LEADER | 00000nam a2200000 4500 | ||
|---|---|---|---|
| 001 | c028896 | ||
| 005 | 20221215133813.6 | ||
| 041 | 0 | |a rus | |
| 044 | |a RU | ||
| 245 | 1 | 0 | |a Interfejsy sistem obrabotky dannych |c Anatolij Anatol'jevič Mjačev, Viktor Nikolajevič Stepanov, Vladimir Kirillovič Ščerbo |
| 250 | |a 1. izd. | ||
| 264 | 1 | |a Moskva |b Radio i svjaz' |c 1989 | |
| 300 | |a 415 s. | ||
| 100 | 1 | |a Mjačev, Anatolij Anatol'jevič | |
| 700 | 1 | |a Stepanov, Viktor Nikolajevič | |
| 700 | 1 | |a Ščerbo, Vladimir Kirillovič | |